000 00175nam a22000977a 4500
041 _aeng
080 _a80
100 _aPlakhotnik, V. M.
245 _aEnglish 9
999 _c282092
_d282092
942 _cBK